000 00278nam a2200121Ia 4500
008 190216s9999||||xx |||||||||||||| ||und||
100 _aShokat Tanvi
245 0 _aHindi-Vo I Bajee Sahahnai
260 _bGuruji Sahithya
_c2010
300 _a208
650 _aHindi
942 _cBK
999 _c16804
_d16804